| 000 | 00353nam a22001577a 4500 | ||
|---|---|---|---|
| 005 | 20160916095411.0 | ||
| 008 | 160916b xxu||||| |||| 00| 0 eng d | ||
| 020 | _a81-204-1441-1 | ||
| 041 | _aeng | ||
| 100 |
_aSingh,R.S _93467 |
||
| 245 | _aDiseases of Fruit Crops | ||
| 260 | _bOxford | ||
| 300 | _a298 | ||
| 650 |
_aAgriculture _92837 |
||
| 942 | _cBK | ||
| 999 |
_c5242 _d5240 |
||